Logistika v automobilovom priemysle - jej alternatívne riešenia
Logistika sa zaoberá koordináciou, optimalizáciou a plynulosťou všetkých činností, ktoré sú nevyhnutné na zabezpečenie pružného chodu výrobného procesu pri optimálnych nákladoch. Logistický reťazec je hodnototvorným reťazcom. Výrobné podniky vyčleňujú logistiku zo svojich hlavných aktivít a činnosti...
Gespeichert in:
| 1. Verfasser: | |
|---|---|
| Format: | Buchkapitel |
| Sprache: | Slowakisch |
| Schlagworte: | |
| Tags: |
Keine Tags, Fügen Sie das erste Tag hinzu!
|
MARC
| LEADER | 00000nla a2200000 4500 | ||
|---|---|---|---|
| 001 | 0151320 | ||
| 005 | 20240502072718.6 | ||
| 041 | 0 | |a slo | |
| 044 | |a SK | ||
| 245 | 1 | 0 | |a Logistika v automobilovom priemysle - jej alternatívne riešenia |c Brigita Boorová |
| 520 | |a Logistika sa zaoberá koordináciou, optimalizáciou a plynulosťou všetkých činností, ktoré sú nevyhnutné na zabezpečenie pružného chodu výrobného procesu pri optimálnych nákladoch. Logistický reťazec je hodnototvorným reťazcom. Výrobné podniky vyčleňujú logistiku zo svojich hlavných aktivít a činnosti a zodpovednosti s tým spojené prenášajú na základe zmluvných vzťahov na externé podniky poskytujúce logistické služby. V automobilovom priemysle sa využíva najmä LLP (Lead Logistics Provider) – vedúci poskytovateľ logistických služieb, ktorý má vlastnú logistickú sieť. | ||
| 610 | 2 | 0 | |a logistika |
| 610 | 2 | 0 | |a služby logistické |
| 610 | 2 | 0 | |a outsourcing |
| 610 | 2 | 0 | |a doprava |
| 610 | 2 | 0 | |a priemysel automobilový |
| 100 | 1 | |a Boorová, Brigita, 1979- | |